The basics of crystallography and diffraction / (Record no. 11750)
[ view plain ]
| 000 -LEADER | |
|---|---|
| fixed length control field | 01297nac a22003255i 4500 |
| 001 - CONTROL NUMBER | |
| control field | 2579935 |
| 003 - CONTROL NUMBER IDENTIFIER | |
| control field | EG-ScBUE |
| 005 - DATE AND TIME OF LATEST TRANSACTION | |
| control field | 20251209094455.0 |
| 008 - FIXED-LENGTH DATA ELEMENTS--GENERAL INFORMATION | |
| fixed length control field | 960722r20001997enka f b 001 0 eng d |
| 020 ## - INTERNATIONAL STANDARD BOOK NUMBER | |
| International Standard Book Number | 0198559453 (pbk.) |
| 020 ## - INTERNATIONAL STANDARD BOOK NUMBER | |
| International Standard Book Number | 9780198559450 |
| 040 ## - CATALOGING SOURCE | |
| Original cataloging agency | EG-ScBUE |
| Language of cataloging | eng |
| Description conventions | rda |
| Transcribing agency | EG-ScBUE |
| Modifying agency | EG-Sc BUE |
| 082 04 - DEWEY DECIMAL CLASSIFICATION NUMBER | |
| Classification number | 548 |
| Edition number | 22 |
| Item number | HAM |
| 100 1# - MAIN ENTRY--PERSONAL NAME | |
| Personal name | Hammond, C. |
| Fuller form of name | (Christopher), |
| Dates associated with a name | 1942- |
| 9 (RLIN) | 5841 |
| Relator term | author. |
| 245 14 - TITLE STATEMENT | |
| Title | The basics of crystallography and diffraction / |
| Statement of responsibility, etc | Christopher Hammond, School of Materials, University of Leeds. |
| 264 #1 - PUBLICATION, DISTRIBUTION, ETC. (IMPRINT) | |
| Place of publication, distribution, etc | Oxford : |
| Name of publisher, distributor, etc | Oxford University Press, |
| Date of publication, distribution, etc | 2000. |
| 300 ## - PHYSICAL DESCRIPTION | |
| Extent | xi, 249 pages : |
| Other physical details | illustrations ; |
| Dimensions | 25 cm. |
| 336 ## - CONTENT TYPE | |
| Source | rdacontent |
| Content type term | text |
| Content type code | txt |
| 337 ## - MEDIA TYPE | |
| Media type term | unmediated |
| Source | rdamedia |
| Media type code | n |
| 338 ## - CARRIER TYPE | |
| Carrier type term | volume |
| Carrier type code | nc |
| Source | rdacarrier |
| 490 0# - SERIES STATEMENT | |
| Series statement | International Union of Crystallography texts on crystallography ; |
| Volume number/sequential designation | 3 |
| 504 ## - BIBLIOGRAPHY, ETC. NOTE | |
| Bibliography, etc | Includes bibliographical references and index.<br/> |
| 650 #7 - SUBJECT ADDED ENTRY--TOPICAL TERM | |
| Topical term or geographic name as entry element | Crystallography. |
| 9 (RLIN) | 5843 |
| Source of heading or term | BUEsh |
| 650 #7 - SUBJECT ADDED ENTRY--TOPICAL TERM | |
| Topical term or geographic name as entry element | X-ray crystallography. |
| 9 (RLIN) | 5844 |
| Source of heading or term | BUEsh |
| 653 ## - INDEX TERM--UNCONTROLLED | |
| Arrived date list | October2011 |
| -- | March2015 |
| 655 ## - INDEX TERM--GENRE/FORM | |
| Form subdivision | Reading book |
| 856 42 - ELECTRONIC LOCATION AND ACCESS | |
| Materials specified | Publisher description |
| Uniform Resource Identifier | <a href="http://www.loc.gov/catdir/enhancements/fy0605/96027451-d.html">http://www.loc.gov/catdir/enhancements/fy0605/96027451-d.html</a> |
| 856 41 - ELECTRONIC LOCATION AND ACCESS | |
| Materials specified | Table of contents only |
| Uniform Resource Identifier | <a href="http://www.loc.gov/catdir/enhancements/fy0605/96027451-t.html">http://www.loc.gov/catdir/enhancements/fy0605/96027451-t.html</a> |
| 942 ## - ADDED ENTRY ELEMENTS (KOHA) | |
| Source of classification or shelving scheme | Dewey Decimal Classification |
| Koha item type | Book - Borrowing |
| Withdrawn status | Lost status | Source of classification or shelving scheme | Damaged status | Not for loan | Collection code | Home library | Current library | Shelving location | Date acquired | Source of acquisition | Cost, normal purchase price | Total Checkouts | Full call number | Barcode | Date last seen | Koha item type | Price effective from | Total Renewals | Date checked out |
|---|---|---|---|---|---|---|---|---|---|---|---|---|---|---|---|---|---|---|---|
| Dewey Decimal Classification | Alef-Baa | Central Library | Central Library | First floor | 07/06/2009 | 150.00 | 548 HAM | 000016146 | 15/07/2025 | Book - Borrowing | |||||||||
| Dewey Decimal Classification | Alef-Baa | Central Library | Central Library | First floor | 14/06/2009 | 150.00 | 548 HAM | 000016806 | 15/07/2025 | NB - Book (Non borrowing) | 14/06/2009 | ||||||||
| Dewey Decimal Classification | سور الازبكية | Central Library | Central Library | First floor | 26/10/2011 | 160.00 | 1 | 548 HAM | 000025513 | 15/07/2025 | Book - Borrowing | 26 | 13/07/2014 |